000 01487nam0a22003371 4500
001 rc\4523232
005 20260408010217.0
010 _dБ.ц.
_9700
021 _aRU
_b[60-48771]
035 _a(NLR Aleph) 008626299
090 _a8854817
_c8854817
100 _a20130416d1960 |||y0rusy50 ca
101 0 _arus
102 _aRU
105 _ay aj |||||
200 1 _aПолководцы нашей Родины
_eрекомендательный список литературы для учащихся 7-8 классов
_fТульская обл. детская библиотека
_g[сост. Н. Струнге]
210 _aТула
_d[1960]
215 _a19 с.
_d20
300 _aСоставитель указан в выпускных данных
606 1 _aПолководцы Советской Армии
_jБиблиография рекомендательная
_9892442
_3RU\NLR\AUTH\66323052
606 1 _aПолководцы русские
_jБиблиография рекомендательная
_9924103
_3RU\NLR\AUTH\6620448
686 0 _aЦ4,8(2)243.1я1
_2rubbk
686 0 _aЦ4,6(2)243.1я1
_2rubbk
702 1 _aСтрунге
_bН. Ф.
_4220
712 0 2 _4650
_aТульская областная детская библиотека
_3RU\NLR\AUTH\8810171490
_9838811
801 0 _aRU
_bNLR
_c20130416
_gpsbo
801 1 _aRU
_bELAR
_c20130416
_2rusmarc
801 2 _aRU
_bNLR
_c20150717
_2rusmarc
852 _aNLR
_j541/П-51
942 _cBOOK
980 _aNB